Vpu Kale Yancha Dr. Sudhir Nirgudkar Hyana Patra (Record no. 18921)

MARC details
000 -LEADER
fixed length control field 00297nam a2200121Ia 4500
008 - FIXED-LENGTH DATA ELEMENTS--GENERAL INFORMATION
fixed length control field 220803s9999 xx 000 0 und d
041 ## - LANGUAGE CODE
Language code of text/sound track or separate title eng
082 ## - DEWEY DECIMAL CLASSIFICATION NUMBER
Classification number 891.46 KAL
100 ## - MAIN ENTRY--PERSONAL NAME
Personal name Kale V
9 (RLIN) 30090
245 ## - TITLE STATEMENT
Title Vpu Kale Yancha Dr. Sudhir Nirgudkar Hyana Patra
260 ## - PUBLICATION, DISTRIBUTION, ETC. (IMPRINT)
Place of publication, distribution, etc. Pune
Date of publication, distribution, etc. 2014
300 ## - PHYSICAL DESCRIPTION
Extent 24p
Holdings
Withdrawn status Lost status Damaged status Not for loan Home library Current library Date acquired Vendor Cost, normal purchase price Total Checkouts Full call number Barcode Date last seen Bill Date Koha item type Original Barcode
        Dr. Bhanuben Nanavati College of Architecture Dr. Bhanuben Nanavati College of Architecture 27/01/2020 Kashyap Sir 50.00   891.46 KAL BNCA-DB-1676 03/08/2022 03/08/2022 Donated Book DB001676